| 000 | 00784nam a2200205 a 4500 | ||
|---|---|---|---|
| 003 | 0 | ||
| 005 | 20250524114404.0 | ||
| 008 | 021128s19uu xx 00 eng d | ||
| 050 |
_aPGS GV 1787 _b.Ag283 2001 |
||
| 100 | _aAguilan, Louise Anne Stephanie. | ||
| 245 |
_aPerceptions of grade school girls of Southville International School on ballet / _cLouise Anne Stephanie Aguilan. |
||
| 260 |
_aLas PiƱas City, Philippines : _bSouthville International School and Colleges, _c2001. |
||
| 300 |
_a26 pages : _billustrations ; _c28 cm. |
||
| 504 | _aIncludes bibliographical references. | ||
| 650 |
_aBallet _vSocial aspects. |
||
| 650 |
_aBallet _vPsychological aspects. |
||
| 650 |
_aGirls _vAttitudes. |
||
| 650 |
_aDance _vStudy and teaching (Elementary). |
||
| 942 |
_2lcc _cPASS |
||
| 999 |
_c96553 _d96553 |
||